Ústredná správa verzus územná samospráva

Subsektory ústredná správa a územná samospráva ako neoddeliteľná súčasť sektora verejnej správy. Postupy subjektov územnej samosprávy pri hospodárení s verejnými zdrojmi.

Enregistré dans:
Détails bibliographiques
Auteur principal: Konvalinková, Iveta
Format: Chapitre de livre
Langue:slovaque
Sujets:
Tags: Ajouter un tag
Pas de tags, Soyez le premier à ajouter un tag!

MARC

LEADER 00000naa a2200000 4500
001 0167410
005 20231120124224.6
041 0 |a slo 
044 |a SK 
245 1 0 |a Ústredná správa verzus územná samospráva  |c Iveta Konvalinková 
520 |a Subsektory ústredná správa a územná samospráva ako neoddeliteľná súčasť sektora verejnej správy. Postupy subjektov územnej samosprávy pri hospodárení s verejnými zdrojmi. 
610 2 0 |a správa verejná 
610 2 0 |a samospráva 
610 2 0 |a samospráva miestna 
610 2 0 |a sektor verejný 
610 2 0 |a zdroje finančné 
610 2 0 |a pravidlá rozpočtové 
100 1 |a Konvalinková, Iveta